LDR 00720naa#a2200181#i#450# 001 EN\\bibl\120522 005 20260417202201.5 011 ## _a2073-5537 100 ## _a20260416b2026####ek#y0engy0150####ca 102 ## _aRU 200 1# _aThe influence of work values on the organizational citizenship behavior of employees in Russian organizations _eJournal article 210 1# _aAstrakhan _cAstrakhan State Technical University _d2026 215 ## _a10 с. 608 ## _aJournal article _2local 675 ## _aОтношение к труду. Мотивация труда. Трудовая мораль.Стимулы к труду.. 331.101.3 _z 700 #1 _aMei _gShengjun 700 #1 _aSuslin _gViacheslav Mikhailovich 856 4# _avestnik.astu.org _u